000 00527cam a22002172a 4500
001 021264
003 AR-FADEU
008 311216n2008####xxu####################dd
020 _a978-99905-40-55-0
092 _a301.84
_bP896
_eCL
100 _aPrada Alcoreza, Raúl
245 _aSubversiones indígenas
260 _aBuenos Aires
260 _bCLACSO
260 _bMuela del Diablo
260 _c2008
300 _a151 p
500 _aIncluye bibliografía
650 _aSOCIOLOGIA-BOLIVIA/CL/
942 _cCLACSO
999 _c26982
_d26982